Представление документа в формате MARC21

Поле Инд. ПП Название Значение
Тип записи a
Библиографический уровень b
001 Контрольный номер RU/IS/BASE/185909495
005 Дата корректировки 20220715140345.5
008 Кодируемые данные 20051121
084 a Индекс другой классификации/Индекс ББК 60.522
a Индекс другой классификации/Индекс ББК 20.1
100 1_ a Автор Ефимов К. М.
q Полное имя Ефимов Константин Михайлович
245 a Заглавие Катастрофическое состояние окружающей среды как негативная социальная реалия XXI века
504 a Библиография Библиогр. ссылки. - Примеч.
650 a Основная рубрика социальная экология
a Основная рубрика социология
a Основная рубрика экология
653 a Ключевые слова атмосфера
a Ключевые слова геоэкология
a Ключевые слова гидроэкология
a Ключевые слова заболеваемость
a Ключевые слова загрязнение атмосферы
a Ключевые слова загрязнение вод
a Ключевые слова здоровье населения
a Ключевые слова окружающая среда
a Ключевые слова охрана окружающей среды
a Ключевые слова экологическая опасность
773 t Заглавие источника Вестник Московского университета. Серия 18, Социология и политология
d Дата издания источника 2005
g Прочая информация № 3. - С. 19 - 35
w Контрольный № источника RU/IS/BASE/184253657
901 t Тип документа b